|
|
|
|
| LEADER |
00000njm a2200000 4500 |
| 001 |
vtls012239324 |
| 003 |
SK-MaSNL |
| 005 |
20260331212310.0 |
| 007 |
s p a |
| 008 |
230913t1989 xr g 000 0 cze |
| 015 |
|
|
|a SNBJ1989
|
| 028 |
1 |
1 |
|a 11 0315-7 411
|b SUPRAPHON
|
| 028 |
2 |
1 |
|a H 4443/A A
|b SUPRAPHON
|
| 028 |
2 |
1 |
|a H 4444/b A
|b SUPRAPHON
|
| 040 |
|
|
|a SNK
|b slo
|c SNK
|e rda
|
| 041 |
0 |
|
|a cze
|
| 044 |
|
|
|a xr
|c CZ
|
| 072 |
|
7 |
|a 78
|x Hudba
|2 konspekt
|
| 080 |
|
|
|a (086.72)
|2 2011
|
| 100 |
1 |
|
|a Zíma, Josef,
|d 1932-2025
|4 sng
|9 254472
|
| 245 |
1 |
0 |
|a Havířova růže : Proč mě Vaši nechtěli
|c Josef Zíma ; Pražská kapela P. Finka
|
| 264 |
|
1 |
|a Praha
|b Supraphon
|c [1989]
|
| 264 |
|
4 |
|c Ⓟ1989
|
| 300 |
|
|
|a 1 gramofónová platňa
|c 18 cm
|
| 336 |
|
|
|a hraná hudba
|b prm
|2 rdacontent
|
| 337 |
|
|
|a audio
|b s
|2 rdamedia
|
| 338 |
|
|
|a audiodisk
|b sd
|2 rdacarrier
|
| 500 |
|
|
|a Gramoplatňa má 2 skladby
|
| 655 |
|
7 |
|a gramofónové platne
|2 SNKPH
|9 74608
|
| 655 |
|
7 |
|a Gramophone records
|2 SNKPHeng
|9 286457
|
| 710 |
2 |
|
|a Pražská kapela P. Finka ( hudobná skupina )
|4 sng
|9 315480
|
| 740 |
0 |
2 |
|a Proč mě Vaši nechtěli
|
| 958 |
|
|
|a GP
|
| 999 |
|
|
|c 568950
|d 570880
|
| 952 |
|
|
|a SNK
|b SNK
|y PREZ
|7 0
|p 17A1421073
|o snkST 1255
|i snk811/89
|0 0
|1 0
|4 0
|d 2023-09-13
|l 0
|r 2026-02-23 14:09:19
|w 2026-02-23
|